Roating Fluids in Engineering and Science (Record no. 181042)

MARC details
000 -LEADER
fixed length control field 00472nam a2200193Ia 4500
008 - FIXED-LENGTH DATA ELEMENTS--GENERAL INFORMATION
fixed length control field 240823s9999||||xx |||||||||||||| ||und||
020 ## - INTERNATIONAL STANDARD BOOK NUMBER
International Standard Book Number 0-486-41704-2
082 ## - DEWEY DECIMAL CLASSIFICATION NUMBER
-- 620.106 P1
100 ## - MAIN ENTRY--PERSONAL NAME
Personal name Vanyo James P
245 #0 - TITLE STATEMENT
Title Roating Fluids in Engineering and Science
250 ## - EDITION STATEMENT
Edition statement 1 st
260 ## - PUBLICATION, DISTRIBUTION, ETC. (IMPRINT)
Date of publication, distribution, etc 2001
Name of publisher, distributor, etc "Dover,New"
500 ## - GENERAL NOTE
General note YES
650 ## - SUBJECT ADDED ENTRY--TOPICAL TERM
Topical term or geographic name as entry element Fluids in Engineering
942 ## - ADDED ENTRY ELEMENTS (KOHA)
Item type Books
Holdings
Withdrawn status Lost status Damaged status Permanent location Current location Date acquired Source of acquisition Cost, normal purchase price Full call number Barcode Date last seen Koha item type
      CENTRAL LIBRARY, NOORUL ISLAM CENTRE FOR HIGHER EDUCATION CENTRAL LIBRARY, NOORUL ISLAM CENTRE FOR HIGHER EDUCATION 05/11/2009 Global Book Syndicate 1124.00 620.106 P1 34203 08/23/2024 Books
Visitors:
Copyright © 2024 Central Library NICHE.  All rights reserved.